Hip-Hop Groups: Duo or Trio? - Statistics

General Stats
  • This quiz has been taken 252 times
    118 since last reset
  • The average score is 11 of 15
Answer Stats
Question Answer % Correct
Outkast Duo
98%
Beastie Boys Trio
98%
Fugees Trio
87%
De La Soul Trio
83%
Mobb Deep Duo
81%
Run-D.M.C. Trio
81%
Gang Starr Duo
77%
Run the Jewels Duo
74%
Heltah Skeltah Duo
70%
UGK Duo
66%
Black Sheep Duo
60%
Naughty By Nature Trio
60%
Blackalicious Duo
47%
Child Rebel Soldier Trio
45%
Deltron 3030 Trio
36%
No matching quizzes found
Score Distribution
Percent of People with Each Score
Percentile by Number Answered
Your Score History
You have not taken this quiz since the last reset